<?xml version="1.0" encoding="UTF-8"?>
<marc:record xmlns:marc="http://www.loc.gov/MARC21/slim">
   <marc:leader>00000nam a2200000 a 4500</marc:leader>
   <marc:datafield ind1="1" ind2=" " tag="100">
      <marc:subfield code="a">Riordan, Rick</marc:subfield>
      <marc:subfield code="4">aut</marc:subfield>
      <marc:subfield code="e">Verfasser/-in</marc:subfield>
   </marc:datafield>
   <marc:datafield ind1=" " ind2=" " tag="653">
      <marc:subfield code="a">Fantasy</marc:subfield>
   </marc:datafield>
   <marc:datafield ind1=" " ind2=" " tag="653">
      <marc:subfield code="a">Griechische Mythologie</marc:subfield>
   </marc:datafield>
   <marc:datafield ind1="0" ind2="0" tag="245">
      <marc:subfield code="a">The Son of Neptune (Bd. 2)</marc:subfield>
   </marc:datafield>
   <marc:datafield ind1="0" ind2="0" tag="245">
      <marc:subfield code="c">Riordan, Rick</marc:subfield>
   </marc:datafield>
   <marc:datafield ind1=" " ind2="1" tag="264">
      <marc:subfield code="a">London</marc:subfield>
      <marc:subfield code="b">Puffin Books</marc:subfield>
      <marc:subfield code="c">2025</marc:subfield>
   </marc:datafield>
   <marc:datafield ind1="1" ind2=" " tag="490">
      <marc:subfield code="a">The Heroes of Olympus</marc:subfield>
      <marc:subfield code="v">Bd. 2</marc:subfield>
   </marc:datafield>
   <marc:datafield ind1="1" ind2=" " tag="520">
      <marc:subfield code="a">Seven Heroes. One Prophecy. Destiny Calls.&#xD;
&#xD;
Demigod Percy Jackson has a small problem - he can't remember anything. All he knows is that he must get away from these terrifying snake-haired women before they vaporize him.&#xD;
&#xD;
Soon after, Percy finds himself at Camp Jupiter - a haven for demigods like him. It should ring a bell . . . But something isn't right. Still, there's only one thing Percy can remember from his past. The name Annabeth.&#xD;
&#xD;
But Percy's questing days aren't over and now he, and his new friends, must face their deadliest trial ever. . .rescuing the literal god of Death.&#xD;
&#xD;
No one ever said being a demigod was easy!</marc:subfield>
   </marc:datafield>
   <marc:datafield ind1=" " ind2=" " tag="020">
      <marc:subfield code="a">9780141335735</marc:subfield>
      <marc:subfield code="9">9780141335735</marc:subfield>
   </marc:datafield>
   <marc:datafield ind1=" " ind2=" " tag="020">
      <marc:subfield code="a">0141335734</marc:subfield>
      <marc:subfield code="9">0141335734</marc:subfield>
   </marc:datafield>
   <marc:datafield ind1=" " ind2=" " tag="041">
      <marc:subfield code="a">eng</marc:subfield>
   </marc:datafield>
   <marc:datafield ind1="0" ind2=" " tag="490">
      <marc:subfield code="v">Bd. 2</marc:subfield>
   </marc:datafield>
   <marc:datafield ind1=" " ind2=" " tag="338">
      <marc:subfield code="a">Band</marc:subfield>
   </marc:datafield>
   <marc:datafield ind1=" " ind2=" " tag="300">
      <marc:subfield code="a">511 Seiten</marc:subfield>
   </marc:datafield>
</marc:record>
